Les années 80 en chansons - Statistiques

Statistiques générales
  • Ce quiz a été pris 1 885 fois
  • Le résultat moyen est 8 sur 15
Statistiques - réponses
Paroles Titre de la chanson % Correct
Égaré dans la vallée infernale Le héros s'appelle Bob Morane L'aventurier
92%
Je suis un être à la recherche Non pas de la vérité Partenaire particulier
82%
Terre brûlée au vent Des landes de pierres Les lacs du connemara
77%
Y a pas de saison pour que vive la musique au fond Pas de saison pour que vive le son Nuit de folie
65%
Je me fous, fous de vous, vous m'aimez Mais pas moi, moi je vous voulais mais Confidence pour confidence
63%
Elle est abonnée à Marie-Claire Dans l'Nouvel Ob's elle ne lit que Bretécher Femme libérée
63%
Au-dessus des vieux volcans Glissent des ailes sous le tapis du vent Voyage voyage
62%
Dans mon verre, je regarde la mer Qui se balance (qui se balance) Les démons de minuit
57%
__________, à toucher le ciel Se séparer, à brûler nos ailes On va s'aimer
48%
I can give you a voice, bred with rhythm and soul The heart of a Welsh boy who's lost his home Je te donne
47%
C'est dans la nuit de Rebecca Que la légende partira Trois nuits par semaine
36%
Comme un bateau dérive Sans but et sans mobile Je marche seul
33%
Elle est venue sans bagages Comme échouée d'un naufrage Macumba
31%
Au jardin de lumière et d'argent Pour oublier les rivages brûlants Plus près des étoiles
31%
Celebrate good times, come on! (Let's celebrate) Celebrate good times, come on! (Let's celebrate) Celebration
29%
Aucun quiz correspondant
Distribution des résultats
% des personnes avec chaque résultat
Percentile par nombre de réponses
Votre historique - résultats
Vous n’avez pas pris ce quiz